000 00485ntaaa2200193 4500
003 01
005 20251027201419.0
008 0714s1973 ag 01
040 _aAR-BaBN
_bspa
_cAR-BaBN
_eaacr
_dRIC
082 _a270.0000 V71
100 _aVila, Samuel
_93189
245 _aCristianismo evangélico a través de los siglos
250 _a1 ed.
260 _as.l :
_bMoody,
_cs.f
300 _a432 p
650 _aHistoria Eclesiastica
650 _aIglesia-Historia
_9776
942 _cBK
999 _c8658
_d8658